Prénoms féminins les plus donnés en 2000 - Statistiques

Statistiques générales
  • Ce quiz a été pris 1 396 fois
    1 380 depuis la dernière actualisation
  • Le résultat moyen est 59 sur 100
Statistiques - réponses
Hint Réponse % Correct
J Julie
97%
L Léa
94%
M Marie
94%
L Lou
93%
C Chloé
92%
M Manon
89%
A Anna
88%
E Emma
87%
Z Zoé
87%
C Camille
85%
J Juliette
85%
C Clara
84%
L Louise
84%
S Sarah
83%
L Laura
81%
P Pauline
81%
I Ines
80%
J Jade
80%
J Jeanne
78%
C Charlotte
77%
L Lucie
77%
M Marine
77%
E Émilie
76%
A Alice
75%
E Élise
75%
L Lisa
75%
O Océane
75%
R Romane
75%
E Élisa
74%
J Julia
74%
M Marion
74%
J Justine
73%
E Éva
70%
L Lola
70%
L Léna
69%
M Mathilde
69%
C Clémence
68%
V Valentine
68%
A Amélie
67%
A Anais
67%
N Noémie
67%
A Alicia
66%
S Sophie
66%
M Margot
65%
L Laure
63%
M Margaux
63%
N Nina
63%
C Célia
60%
C Carla
58%
A Ambre
56%
C Céline
56%
C Claire
56%
V Victoria
56%
A Aurélie
55%
E Élodie
55%
M Mélanie
54%
M Mélissa
54%
A Amandine
53%
A Audrey
53%
M Maëlle
53%
M Maëva
53%
M Maëlys
51%
A Agathe
50%
C Caroline
50%
E Elsa
50%
F Fanny
50%
Y Yasmine
50%
E Éloise
49%
A Alexandra
48%
M Morgane
48%
S Solène
48%
C Clémentine
45%
C Coralie
45%
M Marina
45%
C Cécile
44%
E Estelle
43%
L Laurine
42%
A Alexia
41%
A Axelle
41%
O Ophélie
40%
S Salomé
40%
L Laurie
39%
C Clarisse
37%
I Ilona
37%
C Cloé
36%
E Émeline
36%
K Kelly
36%
C Coline
35%
C Cassandra
34%
A Andréa
33%
A Aurore
32%
A Anaëlle
31%
A Amélia
29%
S Sabrina
27%
L Lucile
26%
J Joséphine
23%
L Ludivine
22%
D Déborah
18%
R Rébecca
13%
L Laeticia
7%
Aucun quiz correspondant
Distribution des résultats
% des personnes avec chaque résultat
Percentile par nombre de réponses
Votre historique - résultats
Vous n’avez pas pris ce quiz depuis la dernière actualisation